Murder at the palace /

Bibliographic Details
Main Author: Roosevelt, Elliott, 1910-1990
Format: Book
Language:English
Published: New York : St. Martin's Press, [1987]
Edition:1st ed.
Subjects:

MARC

Tag First Indicator Second Indicator Subfields
LEADER 00000cam a2200000 a 4500
001 in00000019567
005 20151007053645.0
008 870921s1987 nyu 00011 eng
010 |a  87027961  
020 |a 0312013736 :  |c $15.95 
035 |a (OCoLC)16866457 
035 |9 AAB2379AM 
040 |a DLC  |c DLC  |d TXA  |d UtOrBLW 
049 |a TXAM  |c [A11107595] 
050 0 0 |a PS3535.O549  |b M825 1987 
082 0 |a 813/.54  |2 19 
100 1 |a Roosevelt, Elliott,  |d 1910-1990. 
245 1 0 |a Murder at the palace /  |c Elliott Roosevelt. 
250 |a 1st ed. 
264 1 |a New York :  |b St. Martin's Press,  |c [1987] 
264 4 |c ©1987 
300 |a 232 pages ;  |c 22 cm. 
336 |a text  |b txt  |2 rdacontent 
337 |a unmediated  |b n  |2 rdamedia 
338 |a volume  |b nc  |2 rdacarrier 
500 |a "An Eleanor Roosevelt mystery"--Jacket. 
500 |a "A Thomas Dunne book." 
600 1 0 |a Roosevelt, Eleanor,  |d 1884-1962  |x Fiction. 
999 |a MARS 
999 f f |s fab996ce-eb0c-387b-94ac-dcc987b9bf7a  |i c517c875-f8c3-3f92-93ae-08629ec6428d  |t 0 
952 f f |p ric  |a Texas A&M University  |b Rellis Campus  |c Joint Library Facility  |d Remote Storage  |t 0  |e PS3535.O549 M825 1987  |h Library of Congress classification  |i unmediated -- volume  |m A14811107595 
998 f f |a PS3535.O549 M825 1987  |t 0  |l Remote Storage